[Event "Oberliga Sued W 1011"]
[Site "Germany"]
[Date "2011.03.20"]
[Round "8.6"]
[White "Martin, Mike"]
[Black "Johann, Christof"]
[Result "1-0"]
[WhiteElo "2033"]
[BlackElo "2149"]
[PlyCount "51"]
[EventDate "2010.10.10"]
[EventType "team-tourn"]
[EventRounds "9"]
[EventCountry "GER"]
[SourceTitle "EXT 2012"]
[Source "ChessBase"]
[SourceDate "2011.11.24"]
[SourceVersion "1"]
[SourceVersionDate "2011.11.24"]
[SourceQuality "1"]
[WhiteTeam "Worms"]
[BlackTeam "Frankenthal"]
[WhiteTeamCountry "GER"]
[BlackTeamCountry "GER"]

1. e4 c5 2. Nf3 d6 3. c3 Nf6 4. Be2 Nbd7 5. Qc2 Qc7 6. 0-0 g6 7. d3 Bg7 8. c4 0-0 9. Nh4 Nb8 10. Nc3 Nc6 11. Be3 Ne8 12. Qd2 a6 13. Bh6 Rb8 14. Bxg7 Nxg7 15. Qh6 Nd4 16. f4 f5 17. Kh1 b5 18. cxb5 axb5 19. g4 e6 20. gxf5 gxf5 21. Rg1 Rf7 22. Bh5 Rd7 23. Bg6 hxg6 24. Nxg6 Bb7 25. Qh8+ Kf7 26. Ne5+ 1-0

[Event "Oberliga Sued W 0910"]
[Site "Germany"]
[Date "2010.04.11"]
[Round "9.4"]
[White "Schuh, Thomas"]
[Black "Johann, Christof"]
[Result "1/2-1/2"]
[WhiteElo "2098"]
[BlackElo "2212"]
[PlyCount "21"]
[EventDate "2009.10.18"]
[EventType "team-tourn"]
[EventRounds "9"]
[EventCountry "GER"]
[SourceTitle "EXT 2011"]
[Source "ChessBase"]
[SourceDate "2010.11.26"]
[SourceVersion "1"]
[SourceVersionDate "2010.11.26"]
[SourceQuality "1"]
[WhiteTeam "Illingen"]
[BlackTeam "Frankenthal"]
[WhiteTeamCountry "GER"]
[BlackTeamCountry "GER"]

1. e4 c5 2. Nf3 d6 3. d4 cxd4 4. Nxd4 Nf6 5. Nc3 a6 6. Be2 e5 7. Nb3 Be7 8. Bg5 Be6 9. Qd3 Nbd7 10. Qg3 Rc8 11. Bf3 1/2-1/2

[Event "Oberliga Sued W 0809"]
[Site "Germany"]
[Date "2009.03.15"]
[Round "8.5"]
[White "Mueller, Markus"]
[Black "Johann, Christof"]
[Result "1-0"]
[WhiteElo "2129"]
[BlackElo "2223"]
[PlyCount "51"]
[EventDate "2008.10.05"]
[EventType "team-tourn"]
[EventRounds "11"]
[EventCountry "GER"]
[SourceTitle "EXT 2012"]
[Source "ChessBase"]
[SourceDate "2011.11.24"]
[SourceVersion "1"]
[SourceVersionDate "2011.11.24"]
[SourceQuality "1"]
[WhiteTeam "Kaiserslautern"]
[BlackTeam "Frankenthal"]
[WhiteTeamCountry "GER"]
[BlackTeamCountry "GER"]

1. e4 c5 2. Nf3 d6 3. Bb5+ Nd7 4. d4 Ngf6 5. Nc3 a6 6. Bxd7+ Nxd7 7. dxc5 Nxc5 8. 0-0 e6 9. Bg5 f6 10. Be3 Qc7 11. Nd4 b5 12. b4 Nd7 13. Nce2 Ne5 14. Nf4 Qc4 15. Nd3 Bd7 16. f4 Nxd3 17. cxd3 Qxb4 18. f5 e5 19. Qh5+ Ke7 20. Nb3 Be8 21. Qf3 Rc8 22. Rac1 Kd7 23. d4 Be7 24. dxe5 fxe5 25. f6 Rxc1 26. Qf5+ 1-0

[Event "Oberliga Sued W 0809"]
[Site "Germany"]
[Date "2008.10.05"]
[Round "1.5"]
[White "Wolf, Ulrich1111"]
[Black "Johann, Christof"]
[Result "1-0"]
[WhiteElo "2117"]
[BlackElo "2223"]
[PlyCount "47"]
[EventDate "2008.10.05"]
[EventType "team-tourn"]
[EventRounds "11"]
[EventCountry "GER"]
[SourceTitle "EXT 2012"]
[Source "ChessBase"]
[SourceDate "2011.11.24"]
[SourceVersion "1"]
[SourceVersionDate "2011.11.24"]
[SourceQuality "1"]
[WhiteTeam "Schwarzenbach"]
[BlackTeam "Frankenthal"]
[WhiteTeamCountry "GER"]
[BlackTeamCountry "GER"]

1. d4 Nf6 2. c4 g6 3. Nc3 Bg7 4. e4 d6 5. Bd3 0-0 6. Nge2 Nc6 7. f3 Nd7 8. Bc2 Nb6 9. h4 Nxc4 10. h5 e5 11. hxg6 hxg6 12. Bb3 exd4 13. Bxc4 dxc3 14. Nxc3 Na5 15. Be2 Be6 16. Qa4 Nc6 17. Be3 a6 18. Qc2 Re8 19. Qd2 Qf6 20. 0-0-0 b5 21. Bg5 Qd4 22. Qf4 Qe5 23. Qh4 b4 24. f4 1-0

[Event "Oberliga Sued W 0708"]
[Site "Germany"]
[Date "2007.11.25"]
[Round "3.4"]
[White "Silber, Gerhard"]
[Black "Johann, Christof"]
[Result "1-0"]
[WhiteElo "2272"]
[BlackElo "2199"]
[PlyCount "76"]
[EventDate "2007.10.21"]
[EventType "team-tourn"]
[EventRounds "9"]
[EventCountry "GER"]
[SourceTitle "EXT 2009"]
[Source "ChessBase"]
[SourceDate "2008.11.26"]
[SourceVersion "1"]
[SourceVersionDate "2008.11.26"]
[SourceQuality "1"]
[WhiteTeam "Landau"]
[BlackTeam "Frankenthal"]
[WhiteTeamCountry "GER"]
[BlackTeamCountry "GER"]

1. d4 Nf6 2. Bg5 Ne4 3. Bf4 c5 4. f3 Qa5+ 5. c3 Nf6 6. d5 d6 7. e4 g6 8. Qd2 Bg7 9. Na3 0-0 10. Nc4 Qd8 11. a4 b6 12. g4 Nbd7 13. h4 h5 14. g5 Ne8 15. Bg3 Ne5 16. Ne3 Rb8 17. Be2 a6 18. f4 Nd7 19. Nf3 b5 20. a5 Kh7 21. 0-0 Qc7 22. Ra2 c4 23. Nd4 Nc5 24. Bf3 Bd7 25. Qe2 Kg8 26. Nec2 Ra8 27. e5 dxe5 28. fxe5 Rd8 29. Nb4 f6 30. d6 exd6 31. e6 Nxe6 32. Nxe6 Bxe6 33. Qxe6+ Kh7 34. Bf2 fxg5 35. Bb6 Qb8 36. Be4 Nf6 37. Nc6 Qa8 38. Nxd8 Nxe4 1-0

[Event "Oberliga Sued W 0203"]
[Site "Germany"]
[Date "2003.03.30"]
[Round "9.7"]
[White "Johann, Christof"]
[Black "Bauer, Claus"]
[Result "1/2-1/2"]
[WhiteElo "2147"]
[BlackElo "2200"]
[PlyCount "91"]
[EventDate "2002.10.??"]
[EventType "team"]
[EventRounds "9"]
[EventCountry "GER"]
[SourceTitle "EXT 2005"]
[Source "ChessBase"]
[SourceDate "2004.11.15"]
[SourceVersion "1"]
[SourceVersionDate "2004.11.15"]
[SourceQuality "1"]

1. e4 d6 2. d4 Nf6 3. Nc3 e5 4. Nf3 Nbd7 5. Bc4 Be7 6. 0-0 0-0 7. Re1 c6 8. a4 b6 9. d5 cxd5 10. Nxd5 Bb7 11. b3 Rc8 12. Ra2 Nxd5 13. Bxd5 Bxd5 14. Qxd5 Nf6 15. Qd1 d5 16. Nxe5 dxe4 17. c4 Qc7 18. Ng4 Nxg4 19. Qxg4 f5 20. Qe2 Bf6 21. Rd1 Rcd8 22. Rad2 Rxd2 23. Bxd2 Rd8 24. Bb4 a5 25. Ba3 Rd4 26. Rxd4 Bxd4 27. Qd2 Qe5 28. Bc1 h6 29. h4 Kh7 30. Kh1 Kg6 31. g3 Kf6 32. Kg2 Kg6 33. Qe2 Qc5 34. h5+ Kf6 35. Qd2 Ke6 36. Qf4 Be5 37. Qd2 Bd4 38. Qf4 Be5 39. Qd2 Bd4 40. Qf4 Be5 41. Qd2 Bd4 42. Bb2 Bxb2 43. Qxb2 Qe5 44. Qd2 Qd6 45. Qe3 Kf7 46. Kh2 1/2-1/2

[Event "Oberliga Sued W 0102"]
[Site "Germany"]
[Date "2002.02.03"]
[Round "?"]
[White "Krieger, Hermann"]
[Black "Johann, Christof"]
[Result "1/2-1/2"]
[WhiteElo "2204"]
[BlackElo "2159"]
[PlyCount "97"]
[EventDate "2001.10.09"]
[EventType "team"]
[EventRounds "9"]
[EventCountry "GER"]
[SourceTitle "EXT 2003"]
[Source "ChessBase"]
[SourceDate "2002.11.25"]
[SourceVersion "1"]
[SourceVersionDate "2002.11.25"]
[SourceQuality "1"]

1. e4 c5 2. Nf3 d6 3. d4 cxd4 4. Nxd4 Nf6 5. Nc3 a6 6. f4 e5 7. Nf3 Nbd7 8. a4 Be7 9. Bd3 0-0 10. 0-0 Nc5 11. Kh1 exf4 12. Bxf4 Bg4 13. Qd2 Rc8 14. Be3 Re8 15. Nd4 Qd7 16. Nf5 Bxf5 17. Rxf5 Ncxe4 18. Nxe4 Qxf5 19. Nxd6 Qe5 20. Nxc8 Rxc8 21. Bd4 Qd6 22. Rf1 Rd8 23. c3 Ng4 24. Qf4 Qxf4 25. Rxf4 Ne5 26. Be2 Nc6 27. Be3 Bg5 28. Re4 Bxe3 29. Rxe3 Kf8 30. Kg1 f6 31. Bf3 Rd6 32. b4 b6 33. Kf1 Ne5 34. Be2 a5 35. bxa5 bxa5 36. Bb5 Rd2 37. h3 g6 38. g4 g5 39. Ke1 Rd8 40. Ke2 Kf7 41. Re4 Ke6 42. Bc4+ Ke7 43. Bb5 h5 44. Ke3 hxg4 45. hxg4 Rd1 46. Be2 Rd8 47. Rd4 Rc8 48. Kd2 Ke6 49. Kc2 1/2-1/2

[Event "Oberliga Sued W 0102"]
[Site "Germany"]
[Date "2002.01.13"]
[Round "?"]
[White "Johann, Christof"]
[Black "Uhrig, Christian"]
[Result "1-0"]
[WhiteElo "2159"]
[BlackElo "1957"]
[PlyCount "67"]
[EventDate "2001.10.09"]
[EventType "team"]
[EventRounds "9"]
[EventCountry "GER"]
[SourceTitle "EXT 2003"]
[Source "ChessBase"]
[SourceDate "2002.11.25"]
[SourceVersion "1"]
[SourceVersionDate "2002.11.25"]
[SourceQuality "1"]

1. e4 c5 2. Nf3 e6 3. d4 cxd4 4. Nxd4 Nf6 5. Nc3 Bb4 6. e5 Nd5 7. Bd2 Nxc3 8. bxc3 Bc5 9. Qg4 g6 10. Bd3 Nc6 11. Qe4 f5 12. exf6 Qxf6 13. Nf3 0-0 14. 0-0 d5 15. Qe2 e5 16. Bg5 Qd6 17. Rad1 Bg4 18. Be4 d4 19. h3 Be6 20. a4 Bd5 21. Rfe1 Rae8 22. Bh6 Rf7 23. Bxd5 Qxd5 24. cxd4 Nxd4 25. Nxd4 Bxd4 26. Be3 Qe4 27. Bxd4 Qxe2 28. Rxe2 Rd7 29. Rd3 Red8 30. Bxe5 Rxd3 31. cxd3 Rxd3 32. Rb2 b6 33. Bb8 Rd7 34. Rc2 1-0

[Event "Boeblingen op 18th"]
[Site "Boeblingen"]
[Date "2001.12.30"]
[Round "9"]
[White "Johann, Christof"]
[Black "Fahnenschmidt, Gerhard"]
[Result "1/2-1/2"]
[WhiteElo "2159"]
[BlackElo "2277"]
[PlyCount "66"]
[EventDate "2001.12.26"]
[EventType "swiss"]
[EventRounds "9"]
[EventCountry "GER"]
[SourceTitle "EXT 2005"]
[Source "ChessBase"]
[SourceDate "2004.11.15"]
[SourceVersion "1"]
[SourceVersionDate "2004.11.15"]
[SourceQuality "1"]

1. e4 c5 2. Nf3 d6 3. d4 cxd4 4. Nxd4 Nf6 5. Nc3 a6 6. f4 e5 7. Nf3 Nbd7 8. a4 Be7 9. Bd3 0-0 10. 0-0 Nc5 11. Kh1 exf4 12. Bxf4 Bg4 13. Be3 Rc8 14. Qd2 Re8 15. Nd4 Qd7 16. h3 Bxh3 17. gxh3 Qxh3+ 18. Kg1 Qg3+ 19. Kh1 Nfxe4 20. Nxe4 Nxe4 21. Qg2 Qh4+ 22. Kg1 Bg5 23. Rae1 Re5 24. Nf3 Bxe3+ 25. Rxe3 Qf4 26. Rfe1 Ng5 27. Rxe5 Nxf3+ 28. Qxf3 dxe5 29. Bxh7+ Kxh7 30. Qh3+ Kg6 31. Qxc8 Qg3+ 32. Kf1 Qf3+ 33. Kg1 Qg3+ 1/2-1/2

[Event "Oberliga Sued W 0102"]
[Site "Germany"]
[Date "2001.09.23"]
[Round "?"]
[White "Konrad, Lutz"]
[Black "Johann, Christof"]
[Result "1/2-1/2"]
[WhiteElo "2183"]
[BlackElo "2159"]
[PlyCount "83"]
[EventDate "2001.10.09"]
[EventType "team"]
[EventRounds "9"]
[EventCountry "GER"]
[SourceTitle "EXT 2003"]
[Source "ChessBase"]
[SourceDate "2002.11.25"]
[SourceVersion "1"]
[SourceVersionDate "2002.11.25"]
[SourceQuality "1"]

1. d4 g6 2. Bg5 Bg7 3. Nc3 d6 4. e4 Nf6 5. Qd2 c6 6. Nf3 0-0 7. Bh6 Qc7 8. Bxg7 Kxg7 9. Bd3 Nbd7 10. 0-0 e5 11. dxe5 dxe5 12. Rfe1 Nc5 13. Qg5 Re8 14. Bf1 Bg4 15. Nd2 Rad8 16. h3 Bc8 17. a4 Ne6 18. Qe3 Nd4 19. Rac1 Re7 20. Ncb1 b6 21. c3 Ne6 22. Nf3 Bb7 23. Nbd2 Ne8 24. Nc4 f6 25. b4 Nd6 26. Rcd1 Red7 27. Qc1 Nxc4 28. Bxc4 Nf4 29. Bf1 Nd3 30. Bxd3 Rxd3 31. Rxd3 Rxd3 32. Qc2 Qd7 33. Nd4 Rxd4 34. cxd4 exd4 35. Qc4 Qd6 36. Rd1 c5 37. f3 a5 38. bxc5 bxc5 39. Qb5 Ba6 40. Qxa5 c4 41. Qd2 d3 42. Rc1 1/2-1/2

[Event "Bad Zwesten op 5th"]
[Site "Bad Zwesten"]
[Date "2001.01.05"]
[Round "6"]
[White "Johann, Christof"]
[Black "Reschke, Stefan"]
[Result "1/2-1/2"]
[WhiteElo "2128"]
[BlackElo "2357"]
[PlyCount "107"]
[EventDate "2001.01.02"]
[EventType "swiss"]
[EventRounds "7"]
[EventCountry "GER"]
[SourceTitle "EXT 2002"]
[Source "ChessBase"]
[SourceDate "2001.11.25"]
[SourceVersion "1"]
[SourceVersionDate "2001.11.25"]
[SourceQuality "1"]

1. e4 c5 2. Nf3 d6 3. d4 cxd4 4. Nxd4 Nf6 5. Nc3 g6 6. Be3 Bg7 7. f3 0-0 8. Qd2 Nc6 9. 0-0-0 Nxd4 10. Bxd4 Be6 11. Kb1 Qc7 12. g4 Rfc8 13. h4 Qa5 14. Qg5 Qxg5 15. hxg5 Nd7 16. Bxg7 Kxg7 17. Rh4 Rc5 18. f4 f6 19. gxf6+ Nxf6 20. g5 Ng4 21. Bd3 Ne3 22. Rd2 Rf8 23. Rdh2 Bg8 24. Ne2 e5 25. b3 b5 26. Kb2 a6 27. a3 Rfc8 28. Ng1 exf4 29. Rxf4 Rxg5 30. Nf3 Rg3 31. Nd4 Ng4 32. Rd2 Ne5 33. Be2 Rf8 34. Rxf8 Kxf8 35. a4 bxa4 36. Bxa6 axb3 37. cxb3 Re3 38. Bb7 Nd3+ 39. Kc2 Nc5 40. Bd5 Nxe4 41. Bxe4 Rxe4 42. b4 Re8 43. b5 Bd5 44. Kc3 h5 45. Nf5 Ba8 46. Nxd6 Rb8 47. Kd4 Kg7 48. Ke5 h4 49. Rh2 Rh8 50. b6 h3 51. b7 Bxb7 52. Nxb7 Rh4 53. Nd6 Kh6 54. Ne4 1/2-1/2

[Event "Bad Zwesten op 5th"]
[Site "Bad Zwesten"]
[Date "2001.01.03"]
[Round "2"]
[White "Johann, Christof"]
[Black "Naumann, Alexander"]
[Result "0-1"]
[WhiteElo "2128"]
[BlackElo "2478"]
[PlyCount "79"]
[EventDate "2001.01.02"]
[EventType "swiss"]
[EventRounds "7"]
[EventCountry "GER"]
[SourceTitle "EXT 2002"]
[Source "ChessBase"]
[SourceDate "2001.11.25"]
[SourceVersion "1"]
[SourceVersionDate "2001.11.25"]
[SourceQuality "1"]

1. e4 c5 2. Nf3 d6 3. d4 cxd4 4. Nxd4 Nf6 5. Nc3 a6 6. f4 Qc7 7. Nf3 Nbd7 8. Bd3 g6 9. 0-0 Bg7 10. Qe1 b5 11. a3 Bb7 12. Bd2 0-0 13. Kh1 Nc5 14. Qe2 d5 15. e5 Nfe4 16. Bxe4 dxe4 17. Nd4 f6 18. exf6 Bxf6 19. Be3 e5 20. fxe5 Qxe5 21. a4 b4 22. Qc4+ Kh8 23. Qxb4 a5 24. Qc4 Rac8 25. Qe2 Ba6 26. Ndb5 Bg7 27. Rxf8+ Rxf8 28. Qc4 Ne6 29. Qc6 Bxb5 30. axb5 Nd4 31. Bxd4 Qxd4 32. h3 Qb4 33. Nxe4 Qxb2 34. Rd1 a4 35. c3 a3 36. Qa6 Qe2 37. Ra1 Qxe4 38. Qxa3 Qf4 39. Qc1 Qg3 40. c4 0-1

[Event "Passau op 8th"]
[Site "Passau"]
[Date "2000.04.21"]
[Round "2"]
[White "Velicka, Petr"]
[Black "Johann, Christof"]
[Result "1-0"]
[WhiteElo "2458"]
[BlackElo "2131"]
[PlyCount "39"]
[EventDate "2000.04.21"]
[EventType "swiss"]
[EventRounds "7"]
[EventCountry "GER"]
[SourceTitle "CBM 076 Extra"]
[Source "ChessBase"]
[SourceDate "2000.07.11"]
[SourceVersion "1"]
[SourceVersionDate "2000.07.11"]
[SourceQuality "1"]

1. e4 c5 2. Nf3 d6 3. Bb5+ Nd7 4. d4 Ngf6 5. 0-0 Nxe4 6. Qe2 Nef6 7. dxc5 dxc5 8. Rd1 a6 9. Bc4 e6 10. Ng5 Qb6 11. Bxe6 fxe6 12. Nxe6 Be7 13. Re1 Ng8 14. Bf4 Ra7 15. Nc7+ Kf8 16. Nd5 Qd8 17. Nxe7 Ndf6 18. Nxc8 Qxc8 19. Bd6+ Kf7 20. Qc4+ 1-0